000 00502nam a2200181Ia 4500
001 11852
003 GE_BSU
008 181216s||||||||xx |||||||||||||| ||und||
040 _cGE_BSU
245 _aВопросы языкознания, №4.2014. Июль-Август
245 _cгл.ред.Т.М.Николаева и др.
260 _aМосква
260 _bНаука
260 _c2014
300 _a160стр.24см.
653 _aВопросы языкознания
942 _cCR
999 _c45031
_d45031